| 000 | 00748nam a2200193 i 4500 | ||
|---|---|---|---|
| 001 | 152500 | ||
| 003 | ES-MaACL | ||
| 005 | 20250531063035.0 | ||
| 008 | 050808s1849 fr |||| | fre d | ||
| 100 | 1 |
_aBoudin, Jean-Christian-Marc, _d1806-1867 _9126105 |
|
| 245 | 1 | 0 |
_aEtudes sur le recrutement des armées / _cpar J.-C.-M. Boudin. |
| 260 |
_aParis : _b[s.n.], _c1849 ( _fImp. de L. Martinet) |
||
| 300 |
_a53 p. ; _c21 cm. |
||
| 594 | _aEncabezamiento completado con BN Opale-plus. | ||
| 595 | _aExtraído de: "Annales d'hygiène publique et de médecine legale", 1849, t. XLI. | ||
| 650 | 4 |
_aReclutamiento y alistamiento. _9136806 |
|
| 852 |
_aES-MaACL _jR-1371(7) _z- Enc. hol. _z.- Donat. Mateo Seoane |
||
| 999 |
_c152500 _d152500 |
||